000 01025nam a22003257a 4500
003 CHAP
005 20220329135924.0
008 971013s1966 r 00010 d
010 _a44173
011 _a45145
035 _a49284
040 _cCHAP
082 _a464
_bS3 1967
100 0 0 _aSáinz de Robles, Federico Carlos.
_9107282
245 _aEnsayo de un diccionario español de sinónimos y antónimos
250 _a8 ed.
260 _aMadrid :
_bAguilar,
_c1966
300 _a1148 p.
500 _ac.2 reimpresión de 1973
590 _aBATCH-UPD
_b10
_c20130110
_lUCH01
_h2101
590 _aBATCH-UPD
_b10
_c20130410
_lUCH01
_h1414
590 _aBATCH-UPD
_b10
_c20130914
_lUCH01
_h1333
590 _aCONVERSION
_b10
_c20130109
_lUCH01
_h1324
650 1 4 _aEspañol
_xAntónimos
_xDiccionarios.
_937724
650 1 4 _aEspañol
_xSinónimos.
_937744
901 _aBK
942 _cLIBRO
949 _a464 S3 1967
_bBC
_cC
_d-111242
_eC
_h12426
_i49284
_si
949 _a464 S3 1967
_bBC
_cC
_d-111244
_eC
_fc.2
_h34480
_i49284
_si
999 _c44173
_d44173